SOIL survey and land evaluation; vol. 8, no. 3

Bibliographic Details
Format: Book
Published: Norwich, England : Geo Abstracts , 1989
Subjects:

MARC

LEADER 00000cam a2200000 7i4500
001 0000002613
005 20030827.0
090 0 0 |a 631.4   |b SOI 1989 
245 0 0 |a SOIL survey and land evaluation; vol. 8, no. 3 
260 0 0 |a Norwich, England :   |b Geo Abstracts ,   |c 1989 
300 |a Unnumbered :   |b maps ;   |c 25 cm. 
650 0 0 |a Soil   |x surveys 
998 |a JPSM 
999 |a 0000004392   |b Monograph   |c Open Shelf   |e Default branch